Statistics for The 50 Greatest Films of All Time

Click here to take the quiz!

General Stats

  • This quiz has been taken 136 times
  • The average score is 14 of 52

Answer Stats

HintAnswer% Correct
Alfred HitchcockPsycho
83%
Orson WellesCitizen Kane
78%
Francis Ford CoppolaThe Godfather
76%
Alfred HitchcockVertigo
69%
Stanley Kubrick2001: A Space Odyssey
66%
Akira KurosawaSeven Samurai
61%
Francis Ford CoppolaApocalypse Now
55%
Martin ScorseseTaxi Driver
51%
Francis Ford CoppolaThe Godfather - Part II
50%
Fritz LangMetropolis
42%
Billy WilderSome Like It Hot
39%
Charlie ChaplinCity Lights
35%
Federico FelliniLa Dolce Vita
35%
Federico Fellini8 1/2
34%
Gene Kelly, Stanley DonenSingin' In The Rain
34%
John FordThe Searchers
34%
Sergei EisensteinBattleship Potemkin
31%
Buster Keaton, Clyde BruckmanThe General
31%
David LynchMulholland Dr.
29%
Vittorio de SicaBicycle Thieves
27%
Jean-Luc GodardBreathless
27%
Akira KurosawaRashomon
26%
Francois TruffautThe 400 Blows
26%
Wong Kar-waiIn The Mood For Love
25%
Yasujiro OzuTokyo Story
25%
Ingmar BergmanPersona
24%
Andrey TarkovskyStalker
24%
Jean RenoirThe Rules of the Game
24%
Andrei TarkovskyAndrei Rublev
17%
Andrei TarkovskyMirror
17%
Béla TarrSátántangó
17%
Carl Theodor DreyerThe Passion of Joan of Arc
17%
Jean-Luc GodardContempt
14%
Michelangelo AntonioniL'Avventura
14%
F. W. MurnauSunrise: A Song of Two Humans
14%
Jean VigoL'Atalante
13%
Carl Theodor DreyerOrdet
13%
Jacques TatiPlaytime
13%
Dziga VertovMan With A Movie Camera
12%
Chris MarkerLa Jetée
11%
Jean-Luc GodardPierrot Le Fou
11%
Gillo PontecorvoThe Battle of Algiers
11%
Yasujiro OzuLate Spring
10%
Claude LanzmannShoah
10%
Robert BressonAu hasard Balthazar
8%
Abbas KiarostamiClose-Up
8%
Satyajit RayPather Panchali
8%
Chantal AkermanJeanne Dielman, 23 quai du Commerce 1080 Bruxelles
7%
Carl Theodor DreyerGertrud
6%
Kenji MizoguchiUgetsu monogatari
5%
Roberto RosselliniJourney to Italy
4%
Jean-Luc GodardHistoire(s) du cinéma
3%

Score Distribution

Percentile by Number Answered

Percent of People with Each Score

Your Score History

You have not taken this quiz